000 00369nam a2200169Ia 4500
005 20250423100342.0
008 250422s9999 xx 000 0 und d
020 _a9783489380
050 _aPR 9387 .N54/
245 0 _aNigerianness
260 _aUwani-Enugu
260 _bVougasen Ltd
260 _c2000
300 _a335 p
650 _aLiterature
942 _cBK
999 _c33047
_d33047